Najpopularniejsze gry roblox 2023-2025 - Statystyki

Ogólne statystyki
  • Ten quiz został rozwiązany 113 razy
    109 od ostatniego zresetowania
  • Średni wynik to 2 z 5
Statystyki odpowiedzi
miejsce gra % Poprawnych
1 Brookhaven
68%
3 Super liga piłki nożnej
57%
2 Pet simulator
23%
5 Blox Fruits
22%
4 Fish
9%
Nie znaleziono quizów pasujących do podanych kryteriów
Rozkład punktacji
Procent ludzi z każdym wynikiem
Percentyl według liczby udzielonych odpowiedzi
Twoja historia wyników
Nie rozwiązałeś tego quizu od ostatniego zresetowania